El análisis PESTEL: asegure la continuidad de su negocio

Guardado en:
Detalles Bibliográficos
Autor principal: Steffens, Guillaume (Autor)
Formato: Libro
Lenguaje:español
Publicado: s.l en50minutos.es 2019
Edición:1a. ed
Colección:Economía y Empresa
Materias:
Acceso en línea:Disponible Online
Etiquetas: Agregar Etiqueta
Sin Etiquetas, Sea el primero en etiquetar este registro!

MARC

LEADER 00000cam a2200000 a 4500
001 UCC9788
003 CL-VaPUC
005 20230905074208.0
008 191111e201900000 spa d
999 |c 11178  |d 11178 
020 |a 9782806285676 
040 |c Pontificia Universidad Católica de Valparaíso 
082 0 4 |a 658 STE 2019  |2 21 
100 1 |a Steffens, Guillaume  |e author  |9 605109 
245 1 3 |a El análisis PESTEL: asegure la continuidad de su negocio 
250 |a 1a. ed 
260 |a s.l  |b en50minutos.es  |c 2019 
300 |a 35 páginas  
490 0 |a Economía y Empresa 
583 |a last modification  |c 20191111 01:17:00  |k cmena 
650 0 0 |a Administración de empresas   |9 260833 
650 0 0 |a Planificación estratégica   |9 259735 
856 |u http://bibliografiadigital.pucv.cl.pucv.idm.oclc.org/index.php/bibliotecapucv/catalog/book/601  |y Disponible Online  
942 |c BK  |2 ddc 
945 |a dcastane  |d 20191111 01:17:00 
952 |0 0  |1 0  |3 erb  |4 0  |6 658_000000000000000_STE_2019  |7 0  |8 A  |9 495376  |a BIBGIM  |b BIBGIM  |d 2019-10-11  |e 1  |g 15210.00  |i 556462K  |o 658 STE 2019  |p 556462K  |r 2025-01-15  |w 2020-01-06  |y BK  |z Catalogado en:20191111  |k COM 
952 |0 0  |1 0  |3 erb  |4 0  |6 658_000000000000000_STE_2019  |7 0  |8 A  |9 495377  |a BIBGIM  |b BIBGIM  |d 2019-10-11  |e 1  |g 15210.00  |i 5564611  |o 658 STE 2019  |p 5564611  |r 2025-01-15  |w 2020-01-06  |y BK  |z Catalogado en:20191111  |k COM 
952 |0 0  |1 0  |3 erb  |4 0  |6 658_000000000000000_STE_2019  |7 0  |8 A  |9 495378  |a BIBGIM  |b BIBGIM  |d 2019-10-11  |e 1  |g 15210.00  |i 5564603  |l 1  |o 658 STE 2019  |p 5564603  |r 2025-01-15  |s 2022-04-01  |w 2020-01-06  |y BK  |z Catalogado en:20191111  |k COM 
952 |0 0  |1 0  |3 erb  |4 0  |6 658_000000000000000_STE_2019  |7 0  |8 A  |9 495379  |a BIBGIM  |b BIBGIM  |d 2019-10-11  |e 1  |g 15210.00  |i 556459K  |o 658 STE 2019  |p 556459K  |r 2025-01-15  |w 2020-01-06  |y BK  |z Catalogado en:20191111  |k COM 
952 |0 0  |1 0  |3 erb  |4 0  |6 658_000000000000000_STE_2019  |7 0  |8 A  |9 495380  |a BIBGIM  |b BIBGIM  |d 2019-10-11  |e 1  |g 15210.00  |i 5564581  |o 658 STE 2019  |p 5564581  |r 2025-01-15  |w 2020-01-06  |y BK  |z Catalogado en:20191111  |k COM 
952 |0 0  |1 0  |3 erb  |4 0  |6 658_000000000000000_STE_2019  |7 0  |8 A  |9 495381  |a BIBGIM  |b BIBGIM  |d 2019-10-11  |e 1  |g 15210.00  |i 5564573  |o 658 STE 2019  |p 5564573  |r 2025-01-15  |w 2020-01-06  |y BK  |z Catalogado en:20191111  |k COM 
952 |0 0  |1 0  |3 erb  |4 0  |6 658_000000000000000_STE_2019  |7 0  |8 A  |9 495382  |a BIBGIM  |b BIBGIM  |d 2019-10-11  |e 1  |g 15210.00  |i 5564565  |o 658 STE 2019  |p 5564565  |r 2025-01-15  |w 2020-01-06  |y BK  |z Catalogado en:20191111  |k COM 
952 |0 0  |1 0  |3 erb  |4 0  |6 658_000000000000000_STE_2019  |7 0  |8 A  |9 495383  |a BIBGIM  |b BIBGIM  |d 2019-10-11  |e 1  |g 15210.00  |i 5564557  |o 658 STE 2019  |p 5564557  |r 2025-01-15  |w 2020-01-06  |y BK  |z Catalogado en:20191111  |k COM 
952 |0 0  |1 0  |3 erb  |4 0  |6 658_000000000000000_STE_2019  |7 0  |8 A  |9 495384  |a BIBGIM  |b BIBGIM  |d 2019-10-11  |e 1  |g 15210.00  |i 5564549  |o 658 STE 2019  |p 5564549  |r 2025-01-15  |w 2020-01-06  |y BK  |z Catalogado en:20191111  |k COM 
952 |0 0  |1 0  |3 erb  |4 0  |6 658_000000000000000_STE_2019  |7 0  |8 A  |9 495385  |a BIBGIM  |b BIBGIM  |d 2019-10-11  |e 1  |g 15210.00  |i 5564530  |o 658 STE 2019  |p 5564530  |r 2025-01-15  |w 2020-01-06  |y BK  |z Catalogado en:20191111  |k COM